A Note on Psalm 17:7 (Record no. 323831)
[ view plain ]
| 000 -CABECERA | |
|---|---|
| Campo de control de longitud fija | 00325nab a22001097u 4500 |
| 008 - CÓDIGOS DE INFORMACIÓN DE LONGITUD FIJA | |
| Campo de control de longitud fija | 130520b2011 xxu||||| |||| 00| 0 fre d |
| 041 ## - CÓDIGO DE LENGUA | |
| Código de lengua del texto/banda sonora o título independiente | fre |
| 100 1# - PUNTO DE ACCESO PRINCIPAL-NOMBRE DE PERSONA | |
| Nombre de persona | Mosca, Paul G. |
| 9 (RLIN) | 57922 |
| 245 02 - MENCIÓN DE TÍTULO | |
| Título | A Note on Psalm 17:7 |
| Mención de responsabilidad, etc. | Paul G. Mosca |
| 773 0# - ENLACE AL DOCUMENTO FUENTE | |
| Título | Vetus Testamentum |
| Parte(s) relacionada(s) | V.61, nº3,2011,págs. 388-392 |
| Número Internacional Normalizado para Publicaciones Seriadas (ISSN) | 0042-4935 |
| Número de control del registro relacionado | Rev490 |
| 942 ## - ENTRADA DE ELEMENTOS AGREGADOS (KOHA) | |
| Koha [por defecto] tipo de item | Artículos de revista |
| Suprimido | Perdido | Estropeado | No para préstamo | Localización permanente | Localización actual | Localización en estantería | Fecha adquisición | Préstamos totales | Fecha última consulta | Fecha del precio de reemplazo | Tipo de item de Koha |
|---|---|---|---|---|---|---|---|---|---|---|---|
| San Esteban | San Esteban | Depósito de revistas | 21/05/2013 | 21/05/2013 | 21/05/2013 | Artículos de revista |
